Policy and guidance on university partnerships (Record no. 106887)
[ view plain ]
| 000 -LEADER | |
|---|---|
| fixed length control field | 01922cam a22002055a 4500 |
| 001 - CONTROL NUMBER | |
| control field | L137733 |
| 008 - FIXED-LENGTH DATA ELEMENTS--GENERAL INFORMATION | |
| fixed length control field | 070425s2005 xxk f 000 0 eng d |
| 035 ## - SYSTEM CONTROL NUMBER | |
| System control number | (Sirsi) u137733 |
| 041 0# - LANGUAGE CODE | |
| Language code of text/sound track or separate title | eng |
| 110 2# - MAIN ENTRY--CORPORATE NAME | |
| Corporate name or jurisdiction name as entry element | RICS Education and Training Department |
| 9 (RLIN) | 5613 |
| 245 00 - TITLE STATEMENT | |
| Title | Policy and guidance on university partnerships |
| 260 ## - PUBLICATION, DISTRIBUTION, ETC. | |
| Place of publication, distribution, etc. | RICS |
| Date of publication, distribution, etc. | 2005 |
| 300 ## - PHYSICAL DESCRIPTION | |
| Extent | 45 p. |
| Dimensions | 30cm. |
| 505 2# - FORMATTED CONTENTS NOTE | |
| Formatted contents note | Introduction -- The policy framework -- Partnership development -- Course design -- External quality assurance -- Courses offered in more than one centre; franchised courses; distance learning -- Parnership and accreditation boards -- Partnership selection process -- Appeals -- Appendix A: Threshold reporting: General -- Appendix B: Threshold reporting: Australia -- Appendix C: Threshold reporting: Canada -- Appendix D: Threshold reporting: Hong Kong -- Appendix E: Threshold reporting: UK -- Appendix F: Threshold reporting: USA -- TechRICS requirements, bridge to MRICS -- Glossary |
| 520 ## - SUMMARY, ETC. | |
| Summary, etc. | Aims to present the policy and guidance on the implementation of the partnership between RICS and worldwide universities. Details the policy framework and its history, and the policy and guidance on partnership development and the operation of partnerships. Presents the course design and the policy and guidance of RICS on external quality assurance. Provides direction for courses developed in more than one country. Explains the role of the Partnership and Accreditation Boards. Sums up the process used to select partner universities and the appeal procedure. The appendices by geographical area present the minimum standards for students and university, the student selection threshold, the assessment of the teaching environment, the research threshold, and the employability criteria. |
| 590 ## - LOCAL NOTE (RLIN) | |
| Local note | KA |
| 651 #4 - SUBJECT ADDED ENTRY--GEOGRAPHIC NAME | |
| Geographic name | England and Wales |
| Chronological subdivision | 1543- |
| 690 ## - LOCAL SUBJECT ADDED ENTRY--TOPICAL TERM (OCLC, RLIN) | |
| Topical term or geographic name as entry element | CAREERS, EDUCATION AND TRAINING-QUALIFICATION ROUTES |
| 942 ## - ADDED ENTRY ELEMENTS (KOHA) | |
| Suppress in OPAC | 0 |
| Withdrawn status | Lost status | Source of classification or shelving scheme | Damaged status | Not for loan | Home library | Current library | Shelving location | Date acquired | Total Checkouts | Full call number | Barcode | Date last seen | Copy number | Price effective from | Koha item type |
|---|---|---|---|---|---|---|---|---|---|---|---|---|---|---|---|
| Dewey Decimal Classification | London | London | RICS Boxes | 10/09/2008 | RICS 2005/41 | 30071259 | 06/08/2019 | 1 | 06/08/2019 | Archive | |||||
| Dewey Decimal Classification | London | London | RICS Boxes | 10/09/2008 | RICS 2005/41 | 30073829 | 06/08/2019 | 2 | 06/08/2019 | Reference material | |||||
| Dewey Decimal Classification | London | London | RICS Boxes | 10/09/2008 | RICS 2005/41 | 30073831 | 06/08/2019 | 4 | 06/08/2019 | Book |